| 000 | 00788nam a2200241 a 4500 | ||
|---|---|---|---|
| 005 | 20231028063636.0 | ||
| 008 | 991125s1980 mad 000 0 spa u | ||
| 020 | _a8471121719 | ||
| 035 | _aUPN01000046262 | ||
| 049 | _aCG | ||
| 050 | 4 |
_aLB1139 L3 _bV5.68 |
|
| 100 | 1 | _aVilliers, Peters A. de | |
| 245 | 1 | 0 |
_aPrimer lenguaje / _cP.A. de Villiers, J.G. de Villiers ; tr. Alfredo Guera Miralles. |
| 260 |
_aMadrid : _bMorata, _c1980. |
||
| 300 | _a183 p. | ||
| 440 | 3 |
_aEl desarrollo en el niño ; _v10. _pPsicología. _pBruner |
|
| 590 | _a(También localizas un ejemplar en el "Area de Reserva") | ||
| 590 | _aBibliografía Básica (BGTQ) | ||
| 650 | 7 |
_aPsicolingüística _2 _9109 |
|
| 650 | 4 |
_aNiños _xLenguaje _95709 |
|
| 700 | 2 |
_aVilliers, Jill G. de, _ecoaut. |
|
| 905 | _aLibro | ||
| 999 |
_c46262 _d46262 |
||